Normal view
MARC view
Entry Topical Term
001 - CONTROL NUMBER
- control field: 19097
003 - CONTROL NUMBER IDENTIFIER
- control field: ARRUPE
005 - DATE AND TIME OF LATEST TRANSACTION
- control field: 20150828091849.0
008 - FIXED-LENGTH DATA ELEMENTS
- fixed length control field: 150828|| aca||aabn | a|a d
040 ## - CATALOGING SOURCE
- Original cataloging agency: ARRUPE
- Transcribing agency: ARRUPE
150 ## - HEADING--TOPICAL TERM
- Topical term or geographic name as entry element: Order (Philosophy)
670 ## - SOURCE DATA FOUND
- Source citation: Work cat.: (ARRUPE)0: Voegelin, Eric, 1901-1985. 19096, Order and history., c2000-